000 00546nam a22001577a 4500
003 MACL
005 20160120161256.0
008 160120b xxu||||| |||| 00| 0 eng d
040 _cMACL
041 _aHindi
082 _a350/ACH
245 _aलोक प्रशासन सिविल िसर्विसेज प्रारम्भिक परीक्षा
260 _aनई दिल्‍ली
_bअर्चना पब्लिकेशन्‍स
_c1978
650 _aPublic Administration
_933734
942 _2ddc
_cHIN
999 _c52823
_d52823